=LDR 00000nam 2200000 4500 =001 INLIS000000000015046 =005 20130612110328 =008 ***********************************Ind** =035 ##$$0010-061300000015046 =041 ##$$a Ind =082 ##$$a 658 =090 ##$$a 658, Kom m =100 ##$$a Komaruddin =245 ##$$a manajemen berdasarkan Sasaran, Komaruddin =260 ##$$a 1990 $b jakarta =300 ##$$a 6axviii, 257 Hlm, Ilus, 21 Cm =650 ##$$a manajemen =850 ##$$a NBPNMAT